Sprinters Stakes Winning Horse - Statistics

General Stats
  • This quiz has been taken 9 times
  • The average score is 14 of 52
Answer Stats
Answer % Correct
Sakura Bakushin O サクラバクシンオー
100%
Calstone Light O カルストンライトオ
78%
Hishi Akebono ヒシアケボノ
78%
Lord Kanaloa ロードカナロア
78%
Nishino Flower ニシノフラワー
78%
Believe ビリーヴ
67%
Taiki Shuttle タイキシャトル
67%
Bamboo Memory バンブーメモリ
56%
Curren Chan カレンチャン
56%
Daiichi Ruby ダイイチルビー
56%
Durandal デュランダル
56%
Meiner Love マイネルラヴ
44%
Aston Machan アストンマーチャン
33%
Daitaku Yamato ダイタクヤマト
33%
Flower Park フラワーパーク
33%
Gran Alegria グランアレグリア
33%
Straight Girl ストレイトカール
33%
Tower Of London タワーオブロンドン
33%
Trot Star トロットスター
33%
Black Hawk ブラックホーク
22%
Dyna Actress ダイナアクトレス
22%
Laurel Guerreiro ローレルゲレイロ
22%
Red Falx レッドファルクす
22%
Sakura Iwai サクライワイ
22%
Sakura Shingeki サクラシンゲキ
22%
Silent Witness サイレントウィットネス
22%
Sleepless Night スリープレスナイト
22%
Snow Dragon スノードラゴン
22%
Takeshiba O タケシバオー
22%
Ultra Fantasy ウルトラファンタジー
22%
Brocade ブロケード
11%
Fine Needle ファインニードル
11%
Gendarme ジャンダルム
11%
Kyoei Green キョウエイグリーン
11%
Meiwa Kimiko メイワキミコ
11%
Pixie Knight ピクシーナイト
11%
Sakura God サクラゴッド
11%
Shin Wolf シンウルフ
11%
Takeover Target タイクオーバーターゲット
11%
Winning Smile ウィニングスマイル
11%
Dokan Tesco ドウカンテスコ
0%
Happy Progress ハッピープログレス
0%
Jumbo King ジャンボキング
0%
Kensachi ケンサチ
0%
King Frolic キングフローリック
0%
Mama Choca ママコチャ
0%
Marutaka Strom マルタカストーム
0%
Noboru Toko ノボルトウコウ
0%
Onward Hill オンワードヒル
0%
Sunny Flower サニーフラワー
0%
Suzu Hayate スズハヤテ
0%
Tamami タマミ
0%
No matching quizzes found
Score Distribution
Percent of People with Each Score
Percentile by Number Answered
Your Score History
You have not taken this quiz